All Oldham Athletic Premier League Players Ever - Statistics

General Stats
  • This quiz has been taken 9 times
  • The average score is 19 of 52
Answer Stats
% Correct
1992/93 Norway Gunnar Halle 41
88%
1993/94 Norway Gunnar Halle 23
88%
1992/93 Scotland Graeme Sharp 21
75%
1993/94 Scotland Graeme Sharp 34
75%
1992/93 England Paul Gerrard 25
75%
1993/94 England Paul Gerrard 16
75%
1992/93 England Andy Barlow 6
50%
1993/94 England Andy Barlow 6
50%
1992/93 Scotland Andy Ritchie 12
50%
1993/94 Scotland Andy Ritchie 22
50%
1992/93 England Mike Milligan 42
50%
1993/94 England Mike Milligan 39
50%
1992/93 England Neil Adams 32
50%
1993/94 England Neil Adams 13
50%
1992/93 England Neil Pointon 34
50%
1993/94 England Neil Pointon 25
50%
1993/94 England Richard Holden 29
50%
1992/93 England Craig Fleming 24
38%
1993/94 England Craig Fleming 37
38%
1992/93 England Darren Beckford 7
38%
1993/94 England Darren Beckford 22
38%
1992/93 England Ian Marshall 27
38%
1992/93 England Jon Hallworth 16
38%
1993/94 England Jon Hallworth 19
38%
1992/93 England Nick Henry 32
38%
1993/94 England Nick Henry 22
38%
1992/93 England Richard Jobson 40
38%
1993/94 England Richard Jobson 37
38%
1992/93 England Roger Palmer 17
38%
1993/94 England Roger Palmer 8
38%
1992/93 England Steve Redmond 31
38%
1993/94 England Steve Redmond 33
38%
1992/93 England Ian Olney 34
25%
1993/94 England Ian Olney 10
25%
1993/94 England Lance Key 2
25%
1992/93 England Mark Brennan 14
25%
1993/94 England Mark Brennan 11
25%
1992/93 England Neil McDonald 4
25%
1993/94 England Neil McDonald 3
25%
1993/94 Northern Ireland Richard Graham 5
25%
1993/94 England Chris Makin 27
13%
1993/94 England David Beresford 1
13%
1993/94 England Gary Walsh 6
13%
1993/94 England John Eyre 2
13%
1992/93 England John Keeley 1
13%
1992/93 England Neil Tolson 3
13%
1992/93 Netherlands Orpheo Keizerweerd 1
13%
1992/93 Scotland Paul Bernard 33
13%
1993/94 Scotland Paul Bernard 32
13%
1992/93 England Paul Moulden 4
13%
1993/94 England Sean McCarthy 20
13%
1993/94 Norway Tore Pedersen 10
13%
No matching quizzes found
Score Distribution
Percent of People with Each Score
Percentile by Number Answered
Your Score History
You have not taken this quiz